[Event "Deutsche Ländermeisterschaft 2016"]
[Site "Hannover GER"]
[Date "2016.10.02"]
[Round "2"]
[White "Rahnfeld, Jens"]
[Black "Kitze, Alexander"]
[Result "1/2-1/2"]
[Termination "normal"]
[Board "6.1"]
[WhiteElo "2265"]
[BlackElo "2159"]
[WhiteTeam "Baden 2"]
[BlackTeam "Sachsen-Anhalt"]
[PlyCount "79"]
[WhiteFideId "12939617"]
[BlackFideId "12914827"]
[EventCountry "GER"]
[EventRounds "7"]
[EventType "team-swiss"]
[EventDate "2016.09.30"]

1. e4 c5 2. Nf3 d6 3. d4 cxd4 4. Nxd4 Nf6 5. Nc3 a6 6. Be3 e6 7. f3 b5 8. Qd2
Nbd7 9. g4 h6 10. O-O-O b4 11. Nce2 Qc7 12. h4 d5 13. g5 hxg5 14. exd5 Nxd5 15.
Bxg5 Ne5 16. Nf4 Bb7 17. Bh3 Nxf4 18. Bxf4 Nd3+ 19. Qxd3 Qxf4+ 20. Kb1 Rd8 21.
Nxe6 Rxd3 22. Nxf4 Rxd1+ 23. Rxd1 Rxh4 24. Bd7+ Ke7 25. Bg4 Bxf3 26. Ng6+ fxg6
27. Bxf3 Kf6 28. c3 bxc3 29. bxc3 g5 30. Kc2 g4 31. Bb7 Bc5 32. Rd2 g3 33. Bxa6
Bf2 34. Bb7 Ke5 35. Kd1 g5 36. Ke2 Rh7 37. Bg2 Kf4 38. Kf1 Rc7 39. Rd3 Re7 40.
Rd1 1/2-1/2

[Event "Deutsche Ländermeisterschaft 2016"]
[Site "Hannover GER"]
[Date "2016.10.02"]
[Round "2"]
[White "Biastoch, Bennet"]
[Black "Boes, Julian"]
[Result "1/2-1/2"]
[Termination "normal"]
[Board "6.2"]
[WhiteElo "2117"]
[BlackElo "2114"]
[WhiteTeam "Sachsen-Anhalt"]
[BlackTeam "Baden 2"]
[PlyCount "83"]
[WhiteFideId "12939889"]
[BlackFideId "12907723"]
[EventCountry "GER"]
[EventRounds "7"]
[EventType "team-swiss"]
[EventDate "2016.09.30"]

1. e4 e6 2. d4 d5 3. Nc3 Bb4 4. e5 c5 5. a3 Bxc3+ 6. bxc3 Ne7 7. Qg4 cxd4 8.
Qxg7 Rg8 9. Qxh7 Qc7 10. Ne2 Nbc6 11. f4 dxc3 12. Qd3 d4 13. Nxd4 Nxd4 14. Qxd4
Bd7 15. Rg1 Nf5 16. Qf2 Qc6 17. Bd3 Qd5 18. Be3 Nxe3 19. Qxe3 Rxg2 20. Rxg2
Qxg2 21. Be4 Qxh2 22. O-O-O Bc6 23. Kb1 Bxe4 24. Qxe4 Qf2 25. Qxb7 Qb6+ 26.
Qxb6 axb6 27. Ka2 Ra4 28. Rf1 Rc4 29. Kb3 b5 30. Rf3 Kd7 31. Rd3+ Ke7 32. Rxc3
Rxf4 33. Rc7+ Kd8 34. Rb7 Rf5 35. Rxb5 f6 36. a4 fxe5 37. Kc3 Kc7 38. Kd3 Kc6
39. c4 Rf8 40. Ke4 Rf4+ 41. Kxe5 Rxc4 42. Kxe6 1/2-1/2

[Event "Deutsche Ländermeisterschaft 2016"]
[Site "Hannover GER"]
[Date "2016.10.02"]
[Round "2"]
[White "Hund, Sarah"]
[Black "Wagner, Benjamin"]
[Result "1/2-1/2"]
[Termination "normal"]
[Board "6.3"]
[WhiteElo "1874"]
[BlackElo "1923"]
[WhiteTeam "Baden 2"]
[BlackTeam "Sachsen-Anhalt"]
[PlyCount "94"]
[WhiteFideId "12923338"]
[BlackFideId "12957330"]
[EventCountry "GER"]
[EventRounds "7"]
[EventType "team-swiss"]
[EventDate "2016.09.30"]

1. e4 e5 2. Nf3 Nc6 3. Bc4 Bc5 4. c3 Nf6 5. d3 d6 6. Bb3 a6 7. Nbd2 Ba7 8. h3
O-O 9. Nf1 d5 10. Qe2 dxe4 11. dxe4 Qe7 12. Ng3 Be6 13. Bg5 h6 14. Bd2 Bxb3 15.
axb3 Qe6 16. b4 Ne7 17. Nh4 Kh7 18. Nhf5 Neg8 19. O-O g6 20. Ne3 h5 21. f3 h4
22. Nh1 Nh5 23. Kh2 c6 24. Rfd1 Rad8 25. Ng4 Ngf6 26. Bg5 Rxd1 27. Rxd1 Nxg4+
28. fxg4 f6 29. Bxh4 Nf4 30. Qd2 g5 31. Bf2 Bxf2 32. Nxf2 Rf7 33. g3 Ng6 34.
Qd6 Qc4 35. Qd3 Qe6 36. Qe2 Nf8 37. Rd3 Rd7 38. Qd2 Kg7 39. Nd1 Rxd3 40. Qxd3
Ng6 41. Ne3 Ne7 42. Qd8 Kf7 43. Qc7 Qb3 44. Nf5 Qxb2+ 45. Kg1 Qc1+ 46. Kf2 Qd2+
47. Kf1 Qd1+ 1/2-1/2

[Event "Deutsche Ländermeisterschaft 2016"]
[Site "Hannover GER"]
[Date "2016.10.02"]
[Round "2"]
[White "Dietz, Florian"]
[Black "Wiesner, Alexander"]
[Result "0-1"]
[Termination "normal"]
[Board "6.4"]
[WhiteElo "1821"]
[BlackElo "1822"]
[WhiteTeam "Sachsen-Anhalt"]
[BlackTeam "Baden 2"]
[PlyCount "84"]
[WhiteFideId "12939897"]
[BlackFideId "12943991"]
[EventCountry "GER"]
[EventRounds "7"]
[EventType "team-swiss"]
[EventDate "2016.09.30"]

1. e4 e6 2. d4 d5 3. Nd2 dxe4 4. Nxe4 Nf6 5. Bd3 Nbd7 6. Nf3 Be7 7. O-O Nxe4 8.
Bxe4 Nf6 9. Bd3 O-O 10. Bg5 Bd7 11. c3 Nd5 12. Bxe7 Qxe7 13. Ne5 Rad8 14. Qf3
Qf6 15. Qe4 Qh6 16. c4 Nf4 17. Bb1 f5 18. Qe3 Qg5 19. g3 Nh3+ 20. Kh1 Bc8 21.
f4 Qh6 22. Bc2 b6 23. Ba4 c5 24. dxc5 bxc5 25. Bc6 Rd4 26. Bg2 g5 27. Nc6 gxf4
28. gxf4 Bb7 29. Qg3+ Kh8 30. Nxd4 Rg8 31. Qxg8+ Kxg8 32. Bxb7 cxd4 33. Rf3
Nxf4 34. c5 Kf7 35. c6 Nd5 36. Rd1 Qh4 37. Rfd3 e5 38. Ra3 Qe4+ 39. Kg1 Qg4+
40. Kh1 Qxd1+ 41. Kg2 Nf4+ 42. Kg3 Qg1+ 0-1

[Event "Deutsche Ländermeisterschaft 2016"]
[Site "Hannover GER"]
[Date "2016.10.02"]
[Round "2"]
[White "Koll, Lukas"]
[Black "Hundrieser, Malte"]
[Result "1/2-1/2"]
[Termination "normal"]
[Board "6.5"]
[WhiteElo "1838"]
[BlackElo "1787"]
[WhiteTeam "Baden 2"]
[BlackTeam "Sachsen-Anhalt"]
[PlyCount "99"]
[WhiteFideId "12969737"]
[BlackFideId "12997153"]
[EventCountry "GER"]
[EventRounds "7"]
[EventType "team-swiss"]
[EventDate "2016.09.30"]

1. Nf3 Nf6 2. g3 d5 3. Bg2 c5 4. O-O Nc6 5. d4 e6 6. b3 cxd4 7. Nxd4 Bc5 8.
Nxc6 bxc6 9. c4 O-O 10. cxd5 exd5 11. Ba3 Bxa3 12. Nxa3 Qe7 13. Nc2 Re8 14. e3
Ba6 15. Re1 Rad8 16. b4 Ne4 17. Nd4 Rc8 18. a3 c5 19. Nf5 Qe5 20. Bxe4 dxe4 21.
Qd6 Qxf5 22. Qxa6 cxb4 23. axb4 h5 24. Rac1 Rxc1 25. Rxc1 h4 26. Qd6 h3 27. Qf4
Qd7 28. g4 Qd2 29. Rf1 Qxb4 30. Qg3 a5 31. Qxh3 a4 32. Ra1 a3 33. Qf1 Ra8 34.
Ra2 Qb3 35. Qa1 Kh7 36. Kg2 g6 37. h3 f5 38. Rd2 Qb5 39. Qf6 Qe8 40. gxf5 a2
41. Rd1 gxf5 42. Qxf5+ Qg6+ 43. Qxg6+ Kxg6 44. Ra1 Kg5 45. Kg3 Kf5 46. h4 Ke5
47. h5 Kd5 48. Kf4 Rf8+ 49. Kg3 Ra8 50. f4 1/2-1/2

[Event "Deutsche Ländermeisterschaft 2016"]
[Site "Hannover GER"]
[Date "2016.10.02"]
[Round "2"]
[White "Dietz, Kristin"]
[Black "Wu, Luka"]
[Result "0-1"]
[Termination "normal"]
[Board "6.6"]
[WhiteElo "1601"]
[BlackElo "1800"]
[WhiteTeam "Sachsen-Anhalt"]
[BlackTeam "Baden 2"]
[PlyCount "62"]
[WhiteFideId "12993743"]
[BlackFideId "12977420"]
[EventCountry "GER"]
[EventRounds "7"]
[EventType "team-swiss"]
[EventDate "2016.09.30"]

1. e4 c5 2. Nf3 d6 3. d4 cxd4 4. Nxd4 Nf6 5. Nc3 g6 6. Be3 Bg7 7. f3 O-O 8. Qd2
Bd7 9. Bc4 Nc6 10. O-O-O Rc8 11. Bb3 Ne5 12. g4 b5 13. Kb1 b4 14. Nce2 a5 15.
c3 a4 16. Bc2 Nc4 17. Qc1 e5 18. cxb4 Nxe3 19. Qxe3 exd4 20. Nxd4 Rc4 21. a3
Qe7 22. Ne2 Qe5 23. Nc3 Rfc8 24. Rd3 Bb5 25. Nxb5 Nxg4 26. Qc1 Rxc2 27. Qxc2
Rxc2 28. Kxc2 Qxb2+ 29. Kd1 Nf2+ 30. Ke1 Nxd3+ 31. Kf1 Qf2# 0-1

[Event "Deutsche Ländermeisterschaft 2016"]
[Site "Hannover GER"]
[Date "2016.10.02"]
[Round "2"]
[White "Lohrmann, Tabea"]
[Black "Fritsch, Lea"]
[Result "1-0"]
[Termination "normal"]
[Board "6.7"]
[WhiteElo "1723"]
[BlackElo "1317"]
[WhiteTeam "Baden 2"]
[BlackTeam "Sachsen-Anhalt"]
[PlyCount "81"]
[WhiteFideId "12911941"]
[BlackFideId "16212436"]
[EventCountry "GER"]
[EventRounds "7"]
[EventType "team-swiss"]
[EventDate "2016.09.30"]

1. e4 c5 2. Nf3 Nc6 3. d4 cxd4 4. Nxd4 Nf6 5. Nc3 d6 6. f3 e6 7. Be3 Be7 8. Qd2
O-O 9. O-O-O Bd7 10. Kb1 Qa5 11. g4 Rfc8 12. h4 Nxd4 13. Qxd4 e5 14. Qd2 Be6
15. h5 Rab8 16. Nd5 Qd8 17. Bxa7 Ra8 18. Bb6 Qd7 19. Nxe7+ Qxe7 20. a3 Rc6 21.
Be3 Qc7 22. Bb5 Rc4 23. Bxc4 Qxc4 24. b3 Qb5 25. Qd3 Qa5 26. Qxd6 Nd7 27. Kb2
Rc8 28. Rd3 Qb5 29. Rhd1 h6 30. g5 hxg5 31. Bxg5 Kh7 32. a4 Qa5 33. Bd2 Qd8 34.
Rh1 Rc6 35. Qa3 Qc7 36. Rc3 Rxc3 37. Bxc3 Qd8 38. Qa1 Qg5 39. Qg1 Qf4 40. Qg2
Nf6 41. Bd2 1-0

[Event "Deutsche Ländermeisterschaft 2016"]
[Site "Hannover GER"]
[Date "2016.10.02"]
[Round "2"]
[White "Stowicek, Yara Mathilda"]
[Black "Visvikis, Kassandra"]
[Result "1-0"]
[Termination "normal"]
[Board "6.8"]
[WhiteElo "1391"]
[BlackElo "1318"]
[WhiteTeam "Sachsen-Anhalt"]
[BlackTeam "Baden 2"]
[PlyCount "71"]
[WhiteFideId "16203569"]
[BlackFideId "36052167"]
[EventCountry "GER"]
[EventRounds "7"]
[EventType "team-swiss"]
[EventDate "2016.09.30"]

1. e4 e5 2. Nf3 Nc6 3. Bc4 Bc5 4. c3 Nf6 5. d3 O-O 6. O-O d6 7. h3 Be6 8. Bb3
Ne7 9. Nbd2 Ng6 10. Re1 Nh5 11. Nf1 Nhf4 12. Bxe6 fxe6 13. d4 exd4 14. cxd4 Bb4
15. Bd2 Bxd2 16. Qxd2 Nh4 17. Nxh4 Qxh4 18. Qe3 Rf6 19. Qg3 Qh6 20. Ne3 Rg6 21.
Ng4 Qg5 22. Qh2 Nd3 23. Re2 Qb5 24. Rc2 Rc8 25. Rd1 Nb4 26. Rcd2 Nxa2 27. Qf4
Nb4 28. Qe3 Qg5 29. Qb3 a5 30. f3 h5 31. Ne3 b6 32. Rf2 Qf4 33. Nc2 Nxc2 34.
Qxc2 h4 35. e5 d5 36. Qxg6 1-0

[Event "Deutsche Ländermeisterschaft 2016"]
[Site "Hannover GER"]
[Date "2016.10.02"]
[Round "2"]
[White "Ewert, Hannes"]
[Black "Schmidek, Emil"]
[Result "0-1"]
[Termination "normal"]
[Board "7.1"]
[WhiteElo "2132"]
[BlackElo "2247"]
[WhiteTeam "Niedersachsen 2"]
[BlackTeam "Berlin"]
[PlyCount "84"]
[WhiteFideId "12961574"]
[BlackFideId "12908150"]
[EventCountry "GER"]
[EventRounds "7"]
[EventType "team-swiss"]
[EventDate "2016.09.30"]

1. Nf3 Nf6 2. g3 g6 3. Bg2 Bg7 4. c4 O-O 5. O-O d5 6. cxd5 Nxd5 7. d4 c5 8. e4
Nf6 9. Re1 cxd4 10. Qxd4 Nc6 11. Qa4 Nd7 12. Nc3 Nc5 13. Qa3 Qa5 14. Qxa5 Nxa5
15. Nd5 Nc6 16. Bg5 Nd3 17. Re2 Bg4 18. Nxe7+ Nxe7 19. Bxe7 Rfe8 20. Ba3 Ne5
21. Re3 Nc4 22. Rae1 Nxe3 23. Rxe3 Rac8 24. h3 Rc1+ 25. Kh2 Be6 26. e5 Rc2 27.
Kg1 Rd8 28. Ne1 Rd1 29. Bf3 Ra1 30. Kg2 Rcc1 31. Nd3 Rh1 32. Bxb7 Bxh3+ 33. Kf3
h5 34. Nf4 Bg4+ 35. Ke4 Rad1 36. Bd5 Bf5+ 37. Kf3 g5 38. Nd3 Bxd3 39. e6 fxe6
40. Bxe6+ Kh8 41. Be7 g4+ 42. Kf4 Bh6+ 0-1

[Event "Deutsche Ländermeisterschaft 2016"]
[Site "Hannover GER"]
[Date "2016.10.02"]
[Round "2"]
[White "Schnabel, Bennett"]
[Black "Peters, Tom"]
[Result "1-0"]
[Termination "normal"]
[Board "7.2"]
[WhiteElo "1948"]
[BlackElo "2065"]
[WhiteTeam "Berlin"]
[BlackTeam "Niedersachsen 2"]
[PlyCount "149"]
[WhiteFideId "12943290"]
[BlackFideId "24694444"]
[EventCountry "GER"]
[EventRounds "7"]
[EventType "team-swiss"]
[EventDate "2016.09.30"]

1. e4 c5 2. c3 d5 3. exd5 Qxd5 4. d4 Nc6 5. Nf3 Bg4 6. dxc5 Qxc5 7. Be3 Qa5 8.
Nbd2 Nf6 9. h3 Bh5 10. Qb3 Qc7 11. Bb5 e6 12. Nd4 Be7 13. Qa4 O-O 14. Bxc6 bxc6
15. Qxc6 Qb8 16. N2b3 Nd5 17. O-O Nxe3 18. fxe3 Qe5 19. e4 Rab8 20. Nf3 Qg3 21.
Qd7 Bd8 22. Qd2 a5 23. Kh1 Bc7 24. Nbd4 Rfd8 25. Qf2 Qf4 26. e5 Rd7 27. b3 Rc8
28. g3 Bxf3+ 29. Qxf3 Qh6 30. Kh2 Bxe5 31. Rad1 Rdc7 32. c4 Qg6 33. Rf2 h5 34.
Kg2 h4 35. g4 a4 36. Re2 Qg5 37. Qe4 Bf6 38. Nb5 Rc5 39. Nd6 Re5 40. Qf3 Rxe2+
41. Qxe2 Rb8 42. Ne4 Qe5 43. Nxf6+ Qxf6 44. Rd3 a3 45. c5 e5 46. Qe4 Rd8 47. b4
Rxd3 48. Qxd3 e4 49. Qxa3 Qf4 50. Qc3 e3 51. Qe1 Qe4+ 52. Kg1 e2 53. Kf2 g6 54.
a4 f5 55. gxf5 Qxf5+ 56. Kxe2 Qxh3 57. Qg1 Kh7 58. b5 Qe6+ 59. Qe3 Qc4+ 60. Kf3
Qxa4 61. Qd3 Qa1 62. c6 Qg1 63. Qd7+ Kh6 64. c7 Qh1+ 65. Kf4 Qh2+ 66. Ke4 Qg2+
67. Ke5 Qg3+ 68. Kd5 Qf3+ 69. Kc5 Qc3+ 70. Kb6 Qe3+ 71. Kb7 Qe4+ 72. Kb8 Qe5
73. Ka7 Qe3+ 74. b6 Qa3+ 75. Kb8 1-0

[Event "Deutsche Ländermeisterschaft 2016"]
[Site "Hannover GER"]
[Date "2016.10.02"]
[Round "2"]
[White "Stelmaszyk, Nico"]
[Black "Hesse, Henrik"]
[Result "0-1"]
[Termination "normal"]
[Board "7.3"]
[WhiteElo "1828"]
[BlackElo "1975"]
[WhiteTeam "Niedersachsen 2"]
[BlackTeam "Berlin"]
[PlyCount "120"]
[WhiteFideId "16200462"]
[BlackFideId "12952060"]
[EventCountry "GER"]
[EventRounds "7"]
[EventType "team-swiss"]
[EventDate "2016.09.30"]

1. e4 e5 2. Bc4 Nc6 3. Nf3 d6 4. Nc3 Be7 5. d3 Nf6 6. Be3 Bg4 7. h3 Bh5 8. Qd2
a6 9. Nd5 Qd7 10. O-O-O Nd8 11. Nxf6+ Bxf6 12. g4 Bg6 13. Rdg1 c6 14. Bb3 Ne6
15. h4 h5 16. g5 Bd8 17. Qe2 Bc7 18. Rd1 Qe7 19. Ne1 O-O-O 20. Ng2 d5 21. exd5
cxd5 22. f4 Bf5 23. Qf2 e4 24. d4 b5 25. Kb1 Bb6 26. a3 Kb7 27. Rd2 Qd6 28. c3
Rc8 29. Rc2 Rc7 30. Qd2 Rhc8 31. Rhc1 g6 32. Qf2 Ng7 33. Rd2 Qd7 34. Ne1 Be6
35. Nc2 Nf5 36. Ka1 Qd6 37. Re2 Ba5 38. Bd2 Bb6 39. Kb1 Re8 40. Be3 Ba5 41. Bd2
Bb6 42. Be3 Qd7 43. Qe1 Nd6 44. Bd2 Nc4 45. Ne3 Bf5 46. Rc2 Rec8 47. Ka1 a5 48.
Rc1 Nxe3 49. Bxe3 b4 50. Rec2 a4 51. cxb4 axb3 52. Rc3 Qb5 53. Qd1 Rc4 54. Qxb3
Bxd4 55. Bxd4 Rxd4 56. Rxc8 Bxc8 57. Rc5 Qd3 58. Qa4 Qd1+ 59. Qxd1 Rxd1+ 60.
Ka2 e3 0-1

[Event "Deutsche Ländermeisterschaft 2016"]
[Site "Hannover GER"]
[Date "2016.10.02"]
[Round "2"]
[White "Rosenhain, Rachela"]
[Black "Pubantz, Jan"]
[Result "1-0"]
[Termination "normal"]
[Board "7.4"]
[WhiteElo "1843"]
[BlackElo "1795"]
[WhiteTeam "Berlin"]
[BlackTeam "Niedersachsen 2"]
[PlyCount "121"]
[WhiteFideId "12957615"]
[BlackFideId "12996114"]
[EventCountry "GER"]
[EventRounds "7"]
[EventType "team-swiss"]
[EventDate "2016.09.30"]

1. e4 c5 2. Nf3 d6 3. d4 cxd4 4. Qxd4 a6 5. Bg5 Nc6 6. Qd2 Bg4 7. Be2 Bxf3 8.
Bxf3 g6 9. c3 Bg7 10. Na3 Ne5 11. Be2 Nf6 12. f3 O-O 13. O-O Rc8 14. Rfd1 Qa5
15. Nc2 b5 16. Nb4 Nc6 17. Nd5 Nxd5 18. exd5 f6 19. Be3 Ne5 20. Bd4 Nc4 21.
Bxc4 Rxc4 22. Qe3 Qd8 23. Qe6+ Rf7 24. Re1 f5 25. Bxg7 Kxg7 26. Qe2 Qc7 27. Qd2
Qc5+ 28. Kh1 b4 29. Rac1 bxc3 30. Rxc3 Rxc3 31. Qxc3+ Qxc3 32. bxc3 f4 33. Re4
Rf5 34. Rxe7+ Kf8 35. Re4 Rxd5 36. Rxf4+ Ke7 37. Re4+ Kf6 38. Kg1 Ra5 39. Re2
Rc5 40. Rc2 d5 41. Kf2 d4 42. Ke2 dxc3 43. Kd3 Rh5 44. g3 Ra5 45. f4 Ke6 46.
Re2+ Kd6 47. Kxc3 Rc5+ 48. Kb4 Rb5+ 49. Kc4 Rc5+ 50. Kd4 Rd5+ 51. Ke4 Ke6 52.
Rb2 Rd6 53. a4 Kf6 54. a5 Ke6 55. Rb6 Rxb6 56. axb6 Kd6 57. g4 a5 58. f5 a4 59.
f6 a3 60. f7 Ke7 61. b7 1-0

[Event "Deutsche Ländermeisterschaft 2016"]
[Site "Hannover GER"]
[Date "2016.10.02"]
[Round "2"]
[White "Abele, Anais"]
[Black "Schnabel, Luise"]
[Result "1/2-1/2"]
[Termination "normal"]
[Board "7.7"]
[WhiteElo "1611"]
[BlackElo "1615"]
[WhiteTeam "Niedersachsen 2"]
[BlackTeam "Berlin"]
[PlyCount "59"]
[WhiteFideId "16208927"]
[BlackFideId "12943347"]
[EventCountry "GER"]
[EventRounds "7"]
[EventType "team-swiss"]
[EventDate "2016.09.30"]

1. e4 c5 2. Nf3 d6 3. d4 cxd4 4. Nxd4 Nf6 5. Nc3 a6 6. Be2 e6 7. O-O Qc7 8. Kh1
b5 9. a3 Bb7 10. Bd3 Nbd7 11. f4 Be7 12. Qe1 O-O 13. Rf3 Rfe8 14. Rh3 Nc5 15.
Bd2 Bc8 16. Rf3 Bb7 17. Rh3 d5 18. e5 Nfe4 19. Bxe4 Nxe4 20. Nxe4 dxe4 21. Bb4
Bxb4 22. Qxb4 Red8 23. Rc3 Qd7 24. Rd1 a5 25. Qc5 Rac8 26. Qb6 Rxc3 27. bxc3 a4
28. Qc5 Qd5 29. Qb6 Qd7 30. Qc5 1/2-1/2

[Event "Deutsche Ländermeisterschaft 2016"]
[Site "Hannover GER"]
[Date "2016.10.02"]
[Round "2"]
[White "Tham, Minh"]
[Black "Meijerink, Inken"]
[Result "1-0"]
[Termination "normal"]
[Board "7.8"]
[WhiteElo "1681"]
[BlackElo "1427"]
[WhiteTeam "Berlin"]
[BlackTeam "Niedersachsen 2"]
[PlyCount "91"]
[WhiteFideId "12997323"]
[BlackFideId "16225465"]
[EventCountry "GER"]
[EventRounds "7"]
[EventType "team-swiss"]
[EventDate "2016.09.30"]

1. e4 c5 2. Nf3 Nc6 3. d4 cxd4 4. c3 g6 5. cxd4 Bg7 6. Be3 Nf6 7. Nc3 d6 8. Bc4
O-O 9. O-O Bg4 10. Rb1 Nd7 11. Be2 a6 12. h3 Bxf3 13. Bxf3 b5 14. Qd2 Nb6 15.
b3 Qb8 16. Rbc1 Rc8 17. Ne2 a5 18. e5 Qb7 19. Rc2 d5 20. Nc3 Nb4 21. Rcc1 Qd7
22. Be2 Qb7 23. Bxb5 Nd7 24. Bxd7 Qxd7 25. Na4 Rab8 26. Nc5 Qa7 27. Qe2 Nc6 28.
Rc2 f6 29. f4 Nb4 30. Rc3 Rc7 31. Rfc1 Rbc8 32. Bf2 Na6 33. Kh1 Nxc5 34. dxc5
fxe5 35. fxe5 Rd8 36. Bd4 e6 37. Qg4 Re7 38. c6 Qc7 39. Bc5 Ree8 40. Bd6 Qc8
41. c7 Rxd6 42. exd6 Bxc3 43. Rxc3 Qd7 44. Qa4 Qf7 45. Qxe8+ Qxe8 46. c8=Q 1-0

[Event "Deutsche Ländermeisterschaft 2016"]
[Site "Hannover GER"]
[Date "2016.10.02"]
[Round "2"]
[White "Pfreundt, Jakob"]
[Black "Müller, Max"]
[Result "1-0"]
[Termination "normal"]
[Board "8.1"]
[WhiteElo "2269"]
[BlackElo "2044"]
[WhiteTeam "Hamburg"]
[BlackTeam "SG Saarland / Rheinland-Pfalz"]
[PlyCount "107"]
[WhiteFideId "12918156"]
[BlackFideId "12900486"]
[EventCountry "GER"]
[EventRounds "7"]
[EventType "team-swiss"]
[EventDate "2016.09.30"]

1. e4 c5 2. Nf3 d6 3. d4 cxd4 4. Nxd4 Nf6 5. Nc3 a6 6. Be3 e5 7. Nb3 Be7 8. f3
Be6 9. Qd2 O-O 10. O-O-O Nbd7 11. g4 b5 12. g5 b4 13. gxf6 bxc3 14. Qxc3 Nxf6
15. Na5 Rc8 16. Nc6 Qc7 17. Nxe7+ Qxe7 18. Qa5 Rc6 19. Kb1 Rfc8 20. Rd2 d5 21.
Bd3 d4 22. Bg5 h6 23. Bh4 Rc5 24. Qa3 g5 25. Be1 Qc7 26. Rf2 Bh3 27. Bb4 Rc6
28. Ba5 Qd7 29. Rd1 Ne8 30. c4 Nd6 31. b3 Nb7 32. Rb2 Nc5 33. Qb4 f5 34. Qe1
Rf6 35. Rbd2 Qb7 36. Qg3 fxe4 37. fxe4 Nxe4 38. Qxh3 Nxd2+ 39. Bxd2 Re8 40. Qh5
Qf7 41. Qxf7+ Kxf7 42. Be4 Ke6 43. c5 Kd7 44. Rc1 Ref8 45. c6+ Kc8 46. Bb4 R8f7
47. Bd5 Rh7 48. Ba5 Re7 49. c7 Re8 50. Rc4 Ref8 51. Rb4 Kd7 52. Bb7 Re6 53. Rc4
Ree8 54. Bc6+ 1-0

[Event "Deutsche Ländermeisterschaft 2016"]
[Site "Hannover GER"]
[Date "2016.10.02"]
[Round "2"]
[White "Backens, Johannes"]
[Black "Ravina, David"]
[Result "1-0"]
[Termination "normal"]
[Board "8.2"]
[WhiteElo "1934"]
[BlackElo "2163"]
[WhiteTeam "SG Saarland / Rheinland-Pfalz"]
[BlackTeam "Hamburg"]
[PlyCount "55"]
[WhiteFideId "12946389"]
[BlackFideId "12921858"]
[EventCountry "GER"]
[EventRounds "7"]
[EventType "team-swiss"]
[EventDate "2016.09.30"]

1. e4 e5 2. Nf3 Nc6 3. d4 exd4 4. Bc4 Nf6 5. O-O Bc5 6. e5 d5 7. Bb5 Ne4 8.
Nxd4 Bxd4 9. Qxd4 O-O 10. Bxc6 bxc6 11. f3 Ng5 12. Nc3 Ne6 13. Qf2 f6 14. exf6
Qxf6 15. Na4 d4 16. b3 c5 17. Ba3 Qg5 18. Rfe1 Rf5 19. Re4 Bd7 20. Rae1 Raf8
21. Qg3 Nf4 22. Nxc5 Rxc5 23. Rxf4 Rxf4 24. Bxc5 Qf5 25. Re7 g5 26. Rxd7 Qxc5
27. Qh3 d3+ 28. Kf1 1-0

[Event "Deutsche Ländermeisterschaft 2016"]
[Site "Hannover GER"]
[Date "2016.10.02"]
[Round "2"]
[White "Rogozenco, Teodora"]
[Black "Recktenwald, Cedric"]
[Result "1-0"]
[Termination "normal"]
[Board "8.3"]
[WhiteTitle "WFM"]
[WhiteElo "2027"]
[BlackElo "1671"]
[WhiteTeam "Hamburg"]
[BlackTeam "SG Saarland / Rheinland-Pfalz"]
[PlyCount "37"]
[WhiteFideId "12938084"]
[BlackFideId "12971928"]
[EventCountry "GER"]
[EventRounds "7"]
[EventType "team-swiss"]
[EventDate "2016.09.30"]

1. d4 Nf6 2. c4 e6 3. Nc3 Bb4 4. Qc2 O-O 5. Nf3 c5 6. dxc5 Bxc5 7. Bg5 h6 8.
Bh4 Nc6 9. e4 Nd4 10. Nxd4 Bxd4 11. Be2 Qb6 12. O-O d6 13. Na4 Qc6 14. Rad1 Bd7
15. Rxd4 Qxa4 16. b3 Qc6 17. Bxf6 gxf6 18. e5 dxe5 19. Rg4+ 1-0

[Event "Deutsche Ländermeisterschaft 2016"]
[Site "Hannover GER"]
[Date "2016.10.02"]
[Round "2"]
[White "Tettmann, Ann-Kathrin"]
[Black "Spät, Alexander"]
[Result "0-1"]
[Termination "normal"]
[Board "8.4"]
[WhiteElo "1789"]
[BlackElo "2002"]
[WhiteTeam "SG Saarland / Rheinland-Pfalz"]
[BlackTeam "Hamburg"]
[PlyCount "38"]
[WhiteFideId "12945676"]
[BlackFideId "24687693"]
[EventCountry "GER"]
[EventRounds "7"]
[EventType "team-swiss"]
[EventDate "2016.09.30"]

1. d4 d5 2. c4 c6 3. Nc3 Nf6 4. Nf3 dxc4 5. a4 Bf5 6. e3 e6 7. Bxc4 Nbd7 8. O-O
Bb4 9. Bd2 O-O 10. Re1 a5 11. Na2 Bd6 12. b4 Ne4 13. Qb3 Bg4 14. Rad1 Bxf3 15.
gxf3 Qg5+ 16. Kf1 Nxd2+ 17. Rxd2 axb4 18. Rdd1 Nb6 19. Bd3 Rxa4 0-1

[Event "Deutsche Ländermeisterschaft 2016"]
[Site "Hannover GER"]
[Date "2016.10.02"]
[Round "2"]
[White "Pfreundt, Mathis"]
[Black "Zimmer, Luca"]
[Result "1/2-1/2"]
[Termination "normal"]
[Board "8.5"]
[WhiteElo "1860"]
[BlackElo "1590"]
[WhiteTeam "Hamburg"]
[BlackTeam "SG Saarland / Rheinland-Pfalz"]
[PlyCount "42"]
[WhiteFideId "12967092"]
[BlackFideId "12921424"]
[EventCountry "GER"]
[EventRounds "7"]
[EventType "team-swiss"]
[EventDate "2016.09.30"]

1. e4 e6 2. d3 d5 3. Nd2 Nf6 4. Ngf3 Nc6 5. g3 Bd6 6. Bg2 O-O 7. O-O dxe4 8.
dxe4 e5 9. Qe2 Bg4 10. c3 Qe7 11. Nc4 Qe6 12. Ne3 Bh5 13. Nf5 Bg4 14. N5h4 Rad8
15. h3 Bxh3 16. Bxh3 Qxh3 17. Bg5 Qe6 18. Nf5 Ne7 19. N3h4 Rfe8 20. Qf3 Ng6 21.
Rfd1 Be7 1/2-1/2

[Event "Deutsche Ländermeisterschaft 2016"]
[Site "Hannover GER"]
[Date "2016.10.02"]
[Round "2"]
[White "Jeschke, Jan"]
[Black "Popist, Florian"]
[Result "0-1"]
[Termination "normal"]
[Board "8.6"]
[WhiteElo "1249"]
[BlackElo "1736"]
[WhiteTeam "SG Saarland / Rheinland-Pfalz"]
[BlackTeam "Hamburg"]
[PlyCount "36"]
[WhiteFideId "16225430"]
[BlackFideId "16203518"]
[EventCountry "GER"]
[EventRounds "7"]
[EventType "team-swiss"]
[EventDate "2016.09.30"]

1. e4 d5 2. exd5 Qxd5 3. Nc3 Qd6 4. d4 Nf6 5. Bc4 a6 6. Bb3 e6 7. Nge2 b5 8.
Bf4 Qd8 9. Qd3 Bb7 10. O-O Bd6 11. Rfe1 O-O 12. Rad1 Nbd7 13. Bxd6 cxd6 14. d5
Nc5 15. Qg3 e5 16. Kh1 b4 17. Nb1 Qb6 18. f4 Nce4 0-1

[Event "Deutsche Ländermeisterschaft 2016"]
[Site "Hannover GER"]
[Date "2016.10.02"]
[Round "2"]
[White "Shirov-Michna, Masza"]
[Black "Fuchs, Emily"]
[Result "1-0"]
[Termination "normal"]
[Board "8.7"]
[WhiteElo "1372"]
[BlackElo "1258"]
[WhiteTeam "Hamburg"]
[BlackTeam "SG Saarland / Rheinland-Pfalz"]
[PlyCount "103"]
[WhiteFideId "12921998"]
[BlackFideId "16208986"]
[EventCountry "GER"]
[EventRounds "7"]
[EventType "team-swiss"]
[EventDate "2016.09.30"]

1. d4 d5 2. c4 e6 3. Nc3 Nf6 4. cxd5 exd5 5. Bg5 Be6 6. e3 Be7 7. Bd3 O-O 8.
Nf3 Nbd7 9. O-O c6 10. Qc2 Re8 11. e4 Nf8 12. h3 Ng6 13. Ne2 Nxe4 14. Bxe7 Rxe7
15. Ne5 Qd6 16. f4 f5 17. Nxg6 hxg6 18. Rf3 c5 19. dxc5 Qxc5+ 20. Qxc5 Nxc5 21.
Rd1 Nxd3 22. Rfxd3 Rd8 23. Nc3 Red7 24. Na4 b6 25. Nc3 Kf7 26. Ne2 d4 27. b3
Kf6 28. Rxd4 Rxd4 29. Rxd4 Rxd4 30. Nxd4 Bd7 31. Kf2 g5 32. fxg5+ Kxg5 33. Nf3+
Kf6 34. Ke3 Bc6 35. Kf4 Be4 36. b4 a5 37. bxa5 bxa5 38. h4 g6 39. a3 Ke7 40.
Kg5 Bxf3 41. gxf3 Kf7 42. f4 Kg7 43. a4 Kh7 44. h5 gxh5 45. Kxh5 Kg7 46. Kg5
Kf7 47. Kxf5 Ke8 48. Kg6 Kf8 49. f5 Kg8 50. f6 Kh8 51. Kf7 Kh7 52. Ke8 1-0